000 00285nam a22001337a 4500
008 170411b xxu||||| |||| 00| 0 eng d
020 _a9780309101592
041 _aeng
080 _a618
100 _a10
101 _aSHM
245 _aPRETERM BIRTH
_cBEHRMAN.R.E
942 _2udc
_cBK
999 _c10362
_d10362